000 00900na a2200277 4500
001 18848
003 MIRAKIL
005 20181213155049.0
008 161205b tu 000 0
020 _a9758898248
020 _a9758898191 (tkm. no.)
040 _aMilas
_btur
_cTR-AnCHP
041 _atur
082 _a363.7289
_bÇ36 2007
090 _a363.7289 Ç36 2007
245 _aÇernobil kazasının diğer ülkeler üzerindeki etkileri
_cTürkiye Atom Enerjisi Kurumu (TAEK)
246 _a20. yılında Çernobil
250 _a2. bs.
260 _aAnkara
_bTürkiye Atom Enerjisi Kurumu (TAEK)
_c2007
300 _a60 s.
_bhrt.,grf. , tbl.
_c24 sm.
490 _aTürkiye Atom Enerjisi Kurumu (TAEK) Çernobil Serisi
_v5
500 _aEser adı başında: 20.Yılında Çernobil
504 _aKaynakça var.
650 _aÇernobil Nükleer Kazası
_zEtkileri
942 _2ddc
_cBKS
999 _c5865
_d5865